| 000 | 00570nam a2200205Ia 4500 | ||
|---|---|---|---|
| 003 | IIN | ||
| 005 | 20250429123812.0 | ||
| 008 | 231217s9999 xx 000 0 und d | ||
| 020 |
_cRs.595.00 _a9788131254318 |
||
| 040 | _aIIN | ||
| 082 |
_a610.73 _bGOY |
||
| 100 | 1 | _aGoyal, Harindar Jeet | |
| 245 | 1 |
_aElsevier Clinical Skills Manual Nursing Foundation/ _cHarindar Jeet Goyal |
|
| 250 | _a1st South Asia Ed | ||
| 260 |
_bElsevier _aNew Delhi _c2020 |
||
| 300 | _axiv, 543 p. | ||
| 650 | 1 |
_aFoundation _vNursing |
|
| 650 | 1 |
_aNursing Foundation _vManual |
|
| 942 | _cBOOK | ||
| 999 |
_c261 _d261 |
||